Методы вычислительной математики: учебное пособие

Detalles Bibliográficos
Autor Principal: Марчук Г. И. Гурий Иванович
Summary:Книга создана на основе монографии под тем же названием, вышедшей в 1973 г. и получивший высокую оценку специалистов. Настоящее издание является более универсальным по подбору методов и написано так, чтобы служить учебным пособием по курсу "Численные методы" для студентов 4 - 5 курсов, обучающихся по специальности "Прикладная математика". Автор стремится акцентировать внимание на сложных задачах математической физики, которые в процессе решения сводятся, как правило, к более простым, допускающим реализацию алгоритмов на ЭВМ. В книге изложены многие современные подходы к численным методам.
Idioma:ruso
Publicado: Москва, Наука, 1977
Subjects:
Formato: Libro
KOHA link:https://koha.lib.tpu.ru/cgi-bin/koha/opac-detail.pl?biblionumber=32799

MARC

LEADER 00000nam0a2200000 4500
001 32799
005 20231101210121.0
035 |a (RuTPU)RU\TPU\book\33101 
035 |a BOOK00001190 
090 |a 32799 
100 |a 20011210d1977 m y0rusy50 ca 
101 0 |a rus 
102 |a RU 
105 |a a j 001zy 
200 1 |a Методы вычислительной математики  |e учебное пособие  |f Г. И. Марчук 
210 |a Москва  |c Наука  |c Физико-математическая лит-ра  |d 1977 
215 |a 455 с.  |c ил. 
320 |a Библиогр.: с. 429-452. 
320 |a Указ. предм. и обозначений: с. 453-455. 
330 |a Книга создана на основе монографии под тем же названием, вышедшей в 1973 г. и получивший высокую оценку специалистов. Настоящее издание является более универсальным по подбору методов и написано так, чтобы служить учебным пособием по курсу "Численные методы" для студентов 4 - 5 курсов, обучающихся по специальности "Прикладная математика". Автор стремится акцентировать внимание на сложных задачах математической физики, которые в процессе решения сводятся, как правило, к более простым, допускающим реализацию алгоритмов на ЭВМ. В книге изложены многие современные подходы к численным методам. 
453 1 |0 (RuTPU)RU\TPU\retro\27208  |t Методы вычислительной математики  |l Methodes de calcul numerique  |o [учебное пособие]  |f Г. И. Марчук  |c Москва  |n Мир  |d 1980  |p 430 с.  |a Марчук, Гурий Иванович 
610 1 |a математика 
610 1 |a вычислительная математика 
610 1 |a методы 
610 1 |a разностные схемы 
610 1 |a дифференциальные уравнения 
610 1 |a сеточные функции 
610 1 |a интерполяция 
610 1 |a стационарные задачи 
610 1 |a математическая физика 
610 1 |a нестационарные задачи 
610 1 |a решение 
610 1 |a обратные задачи 
610 1 |a учебные пособия 
675 |a 519.6(075.8)  |v 3 
700 1 |a Марчук  |b Г. И.  |c российский математик  |c физик  |c академик РАН  |f 1925-  |g Гурий Иванович  |2 stltpush  |3 (RuTPU)RU\TPU\pers\13341  |9 3996 
801 0 |a RU  |b 63413507  |c 20011210  |g PSBO 
801 2 |a RU  |b 63413507  |c 20220603  |g PSBO 
942 |c BK